ASME 2018 Dynamic Systems and Control Conference - Volume 3: Modeling and Validation; Multi-Agent and Networked Systems; Path Planning and Motion Control; Tracking Control Systems; Unmanned Aerial Vehicles (UAVs) and Application; Unmanned Ground and Aerial Vehicles; Vibration in Mechanical Systems; Vibrations and Control of Systems; Vibrations: Modeling, Analysis, and Control

Bibliografische gegevens
Formaat: Elektronisch Tijdschrift
Taal:English
Gepubliceerd in: ASME
Online toegang:Full text available on ASME[2018-2018]
Off-campus access
LEADER 01269cas a2200181 a 4500
001 AALConferenceProceedingsASME000459
008 230101c9999 xx r poo 0 0eng d
020 |a 978-0-7918-5191-3 
040 |a BD-DhAAL  |c BD-DhAAL 
245 0 0 |h [electronic resource]  |a ASME 2018 Dynamic Systems and Control Conference - Volume 3: Modeling and Validation; Multi-Agent and Networked Systems; Path Planning and Motion Control; Tracking Control Systems; Unmanned Aerial Vehicles (UAVs) and Application; Unmanned Ground and Aerial Vehicles; Vibration in Mechanical Systems; Vibrations and Control of Systems; Vibrations: Modeling, Analysis, and Control 
260 |b ASME 
300 |a 1 online resource 
500 |a <strong>Off-Campus Access:</strong> Athens ID and Password Required 
500 |a <strong>On-Campus Access:</strong> No User ID or Password Required 
506 |a Electronic access restricted to authorized BRAC University faculty, staff and students 
538 |a Mode of access: Internet 
856 4 0 |z Full text available on ASME[2018-2018]  |u https://asmedigitalcollection.asme.org/DSCC/DSCC2018/volume/51913 
856 4 0 |z Off-campus access  |u https://go.openathens.net/redirector/bracu.ac.bd?url=https%3A%2F%2Fasmedigitalcollection.asme.org%2FDSCC%2FDSCC2018%2Fvolume%2F51913